| 000 | 00000nam 2200000zi 4500 |
| 001 | 9.907313 |
| 003 | CaOODSP |
| 005 | 20230818074221 |
| 006 | m o d f |
| 007 | cr cn||||||||| |
| 008 | 220125t20222022onc ob f000 0 eng d |
| 020 | |a9780660417875 |
| 040 | |aCaOODSP|beng|erda|cCaOODSP |
| 043 | |an-cn--- |
| 086 | 1 |aCS92-143/2021-1E-PDF |
| 245 | 00|aReference maps and thematic maps, reference guide, 2021 census. |
| 264 | 1|a[Ottawa] : |bStatistics Canada = Statistique Canada, |c2022. |
| 264 | 4|c©2022 |
| 300 | |a1 online resource (15 pages). |
| 336 | |atext|btxt|2rdacontent |
| 337 | |acomputer|bc|2rdamedia |
| 338 | |aonline resource|bcr|2rdacarrier |
| 500 | |aIssued also in French under title: Cartes de référence et cartes thématiques, guide de référence, année de recensement 2021. |
| 500 | |a"Release date: February 9, 2022." |
| 500 | |aIssued also in HTML format. |
| 504 | |aIncludes bibliographical references (page 15). |
| 520 | |a"This reference guide is intended for users of the 2021 Reference Maps and Thematic Maps. This guide describes the content, general methodology used to create them and data quality"--Page 4. |
| 650 | 0|aCensus districts|zCanada|xMaps. |
| 650 | 0|aDemographic surveys|zCanada|xMethodology. |
| 651 | 0|aCanada|xCensus, 2021|xMethodology. |
| 710 | 2 |aStatistics Canada, |eissuing body. |
| 775 | 08|tCartes de référence et cartes thématiques, guide de référence, année de recensement 2021.|w(CaOODSP)9.907314 |
| 795 | |tReference maps and thematic maps, reference guide |w(CaOODSP)9.826937 |
| 856 | 40|qPDF|s226 KB|uhttps://publications.gc.ca/collections/collection_2022/statcan/92-143-g2021001-eng.pdf |
| 856 | 4 |qHTML|sN/A|uhttps://www150.statcan.gc.ca/n1/pub/92-143-g/92-143-g2021001-eng.htm |
| 986 | |a92-143-G2021001 |